| 000 | 00492nam a2200181Ia 4500 | ||
|---|---|---|---|
| 001 | 11074 | ||
| 005 | 20260306161919.0 | ||
| 008 | 260306t2010||||xx |||||||||||||| ||spa|| | ||
| 041 | _aESP | ||
| 082 |
_a985.004 _bM19 |
||
| 100 |
_aMálaga Núñez-Zeballos, Alejandro _eAUT |
||
| 245 | 0 |
_aAfricanos en la ciudad blanca: _bla esclavitud en Arequipa colonial (1539-1600) |
|
| 260 | _c2010 | ||
| 300 |
_a91 páginas : _c22 cm. |
||
| 650 | _aGEN | ||
| 654 | _aCHU | ||
| 942 |
_cLIB _dJUS _fJUS _2ddc _n |
||
| 999 |
_c11074 _d11074 |
||